| 000 | 01254nam0a22002891 4500 | ||
|---|---|---|---|
| 001 | rc\3439941 | ||
| 005 | 20181010144312.0 | ||
| 021 |
_aRU _b[73-20513] |
||
| 035 | _a(NLR Aleph) 007589852 | ||
| 090 |
_a5599408 _c5599408 |
||
| 100 | _a20130115d1973 |||y0rusy50 ca | ||
| 101 | 0 | _arus | |
| 102 | _aRU | ||
| 105 | _ay z ||||| | ||
| 200 | 1 |
_aВопросы повышения эффективности консервного производства Грузинской ССР _e(Обзор) _fЦентр. науч.-исслед. ин-т информации и техн.-экон. исследований пищевой пром-сти СССР |
|
| 210 |
_aМосква _cБ. и. _d1973 |
||
| 215 |
_a[1], 17 с. _d20 |
||
| 300 | _aНа обл. авт. не указаны | ||
| 606 |
_aПлодоовощные консервы _xПроизводство _xТехнико-экономические показатели _2psbo |
||
| 700 | 1 |
_aГеоргобиани _bО. Л. |
|
| 701 | 1 |
_aВалейко _bВ. П. _cканд. экон. наук _f1937- _gВладимир Павлович _3RU\NLR\AUTH\770195556 |
|
| 801 | 0 |
_aRU _bNLR _gpsbo |
|
| 801 | 1 |
_aRU _bELAR _2rusmarc |
|
| 852 |
_aNLR _j73-4/4180 |
||
| 942 | _cBOOK | ||
| 980 | _aNB | ||